The stress owner's manual : (Record no. 1003)

MARC details
000 -LEADER
fixed length control field 00747cam a2200229 a 4500
005 - DATE AND TIME OF LATEST TRANSACTION
control field 20260322212043.0
008 - FIXED-LENGTH DATA ELEMENTS--GENERAL INFORMATION
fixed length control field data
010 ## - LIBRARY OF CONGRESS CONTROL NUMBER
LC control number 96026977
020 ## - INTERNATIONAL STANDARD BOOK NUMBER
International Standard Book Number 0915166844 (alk. paper)
020 ## - INTERNATIONAL STANDARD BOOK NUMBER
International Standard Book Number 9780915166848 (alk. paper)
040 ## - CATALOGING SOURCE
Original cataloging agency DLC
Transcribing agency DLC
Modifying agency DLC
050 00 - LIBRARY OF CONGRESS CALL NUMBER
Classification number RA785
Item number .B64 1996
092 ## - LOCALLY ASSIGNED DEWEY CALL NUMBER (OCLC)
Classification number 155.9 B64 1996
001 - CONTROL NUMBER
control field data
100 1# - MAIN ENTRY--PERSONAL NAME
Personal name Boenisch, Edmond W.,
Dates associated with a name 1947-
245 14 - TITLE STATEMENT
Title The stress owner's manual :
Remainder of title meaning, balance & health in your life /
Statement of responsibility, etc. Edmond W. Boenisch & C. Michele Haney.
260 ## - PUBLICATION, DISTRIBUTION, ETC.
Place of publication, distribution, etc. San Luis Obispo, Calif. :
Name of publisher, distributor, etc. Impact,
Date of publication, distribution, etc. c1996.
300 ## - PHYSICAL DESCRIPTION
Extent 194 p. :
Other physical details ill. ;
Dimensions 23 cm.
504 ## - BIBLIOGRAPHY, ETC. NOTE
Bibliography, etc. note Includes bibliographical references (p. [179]-189) and index.
650 #0 - SUBJECT ADDED ENTRY--TOPICAL TERM
Topical term or geographic name entry element Stress management.
700 1# - ADDED ENTRY--PERSONAL NAME
Personal name Haney, C. Michele,
Dates associated with a name 1944-
Holdings
Withdrawn status Lost status Damaged status Not for loan Home library Current library Shelving location Date acquired Total checkouts Full call number Barcode Date last seen Price effective from Koha item type
        Riverside Riverside General stacks 22/03/2026   RA785 .B64 1996 BC0011036 22/03/2026 22/03/2026 Books